书目信息 |
| 题名: |
旅游景区管理
|
|
| 作者: | 张凌云 著 | |
| 分册: | ||
| 出版信息: | 武汉 华中科技大学出版社 2009.09 |
|
| 页数: | 276页 | |
| 开本: | 23cm | |
| 丛书名: | ||
| 单 册: | ||
| 中图分类: | F590.6 | |
| 科图分类: | ||
| 主题词: | 风景区--经济管理--高等学校--教材 , 风景区 , 经济管理 | |
| 电子资源: | ||
| ISBN: | 978-7-5637-1859-7 | |
| 000 | 00881nam0 2200277 450 | |
| 001 | 010700072410 | |
| 005 | 20091221090814.11 | |
| 010 | @a978-7-5637-1859-7@dCNY28.00 | |
| 100 | @a20091201d2009 em y0chiy0110 ea | |
| 101 | 0 | @achi |
| 102 | @aCN@b420000 | |
| 105 | @aak z 000yy | |
| 106 | @ar | |
| 200 | 1 | @a旅游景区管理@9lu^ you jing qu guan li@f张凌云著 |
| 205 | @a3版 | |
| 210 | @a武汉@c华中科技大学出版社@d2009.09 | |
| 215 | @a276页@c图@d23cm | |
| 300 | @a全国旅游专业规划教材 | |
| 330 | @a本书内容包括:旅游景区的概念、分类和发展简史;自然旅游景区概述;人文景观区概述;人造景区概述;休闲度假区概述;旅游景区产品的特性与结构等。 | |
| 606 | 0 | @a风景区@x经济管理@x高等学校@j教材 |
| 606 | 0 | @a风景区 |
| 606 | 0 | @a经济管理 |
| 690 | @aF590.6@v4 | |
| 701 | 0 | @a张凌云@9zhang ling yun@4著 |
| 801 | 0 | @aCN@bRENTIAN@c20091221 |
| 905 | @b20798034-39@dF590.6@e282=3@f6 | |
| 旅游景区管理/张凌云著.-3版.-武汉:华中科技大学出版社,2009.09 |
| 276页:图;23cm |
| 全国旅游专业规划教材 |
| ISBN 978-7-5637-1859-7:CNY28.00 |
| 本书内容包括:旅游景区的概念、分类和发展简史;自然旅游景区概述;人文景观区概述;人造景区概述;休闲度假区概述;旅游景区产品的特性与结构等。 |
| ● |
| 相关链接 |
|
|
|
|
正题名:旅游景区管理
索取号:F590.6/282=3
 
预约/预借
| 序号 | 登录号 | 条形码 | 馆藏地/架位号 | 状态 | 备注 |
| 1 | 798034 | 207980345 | 第一样本阅览室/ [索取号:F590.6/282=3] | 在馆 | |
| 2 | 798035 | 207980354 | 第一借阅区/ [索取号:F590.6/282=3] | 在馆 | |
| 3 | 798036 | 207980363 | 第一借阅区/ [索取号:F590.6/282=3] | 在馆 | |
| 4 | 798037 | 207980372 | 第一借阅区/ [索取号:F590.6/282=3] | 在馆 | |
| 5 | 798038 | 207980381 | 第一借阅区/ [索取号:F590.6/282=3] | 在馆 | |
| 6 | 798039 | 207980390 | 密集书库-资源管理系/ [索取号:F590.6/282=3] | 在馆 |